Statistiques concernant Bande Organisée - Couplet 7 : Solda

Cliquez ici pour prendre le quiz!

Statistiques générales

  • Ce quiz a été pris 4 fois
  • Le résultat moyen est 94 sur 143

Statistiques - réponses

% Correct
a
100%
Au
100%
boum,
100%
boum,
100%
connaît
100%
des
100%
elle
100%
gadji,
100%
glou,
100%
glou
100%
glou,
100%
glou
100%
glou,
100%
glou,
100%
l'a
100%
la
100%
l'a
100%
la
100%
l'alcool,
100%
l'alcool,
100%
le
100%
le
100%
on
100%
on
100%
on
100%
par
100%
parloir,
100%
prisonniers
100%
ta
100%
tourné,
100%
Tu
100%
Au
67%
avec
67%
"boum,
67%
boum"
67%
boum,
67%
"boum,
67%
boum,
67%
boum"
67%
calcul
67%
calculer
67%
Car
67%
c'est
67%
cognée
67%
comporte
67%
Comportement
67%
dans
67%
de
67%
de
67%
de
67%
déforme
67%
des
67%
des
67%
dois
67%
dois
67%
et
67%
fais
67%
fais
67%
fait
67%
forme,
67%
forme,
67%
j'ai
67%
j'ai
67%
j'galère,
67%
la
67%
la
67%
la
67%
la
67%
la
67%
les
67%
les
67%
les
67%
l'fond
67%
lit,
67%
l'regard
67%
lui,
67%
mala
67%
mala
67%
mauvais,
67%
mauvais,
67%
monnaie,
67%
monnaie,
67%
on
67%
on
67%
plus
67%
Pour
67%
Pour
67%
quand
67%
refait
67%
sous,
67%
sous,
67%
sous,
67%
sous,
67%
sous,
67%
sous,
67%
t'as
67%
te
67%
te
67%
te
67%
t'es
67%
t'es
67%
toi
67%
trop
67%
Tu
67%
tu
67%
tu
67%
vrai,
67%
yah
67%
yah,
67%
yah
67%
zone,
67%
amis :
33%
amis,
33%
click,
33%
click,
33%
click,
33%
click,
33%
dans
33%
dans
33%
ennemis,
33%
ennemis :
33%
Garde
33%
hommes,
33%
la
33%
les
33%
les
33%
les
33%
moi,
33%
on
33%
on
33%
on
33%
pêche,
33%
pleines,
33%
poches
33%
rend
33%
rend
33%
yah
33%
yah,
33%
Yah,
33%
J'ais
0%
m'suis,
0%
temenik,
0%
tu
0%

Distribution des résultats

Percentile par nombre de réponses

% des personnes avec chaque résultat

Votre développement - résultats

Vous n’avez pas pris ce quiz